000 01848nam a22001577a 4500
041 _aukr
080 _a09
090 _bВОЛ
100 _aВолкова Н.М.
245 _aСемантика дієслів на позначення паравербальних дій усмішки
260 _aОстрог
_bКАФ
_c2009
300 _a52
520 _aВСТУП РОЗДІЛ 1 НЕВЕРБАЛЬНА ПОВЕДІНКА ЯК ОБЄКТ ЛІНГВІСТИКИ ЕМОЦІЙ 1.1 Спілкування гра інтелектуальних та емоційних сил співбесідників. 1.2 Взаємозвязок між вербальними та невербальними засобами спілкування. 1.3 Паралінгвітика сфера несловесної комунікації. 1.4 Невербальні засоби спілкування. 1.5 Кінесика. 1.6 Жести у системі невербальних засобів комунікації. 1.7 Емоційні та вказівні жести. РОЗДІЛ 2 СЕМАНТИКА ЯК РОЗДІЛ МОВОЗНАВСТВА 2.1 Історія семантики. 2.2 Лексична семантика. 2.3 Обєктивні та субєктивні елементи мовного значення. 2.4 Розвиток лексичної семантики слова. РОЗДІЛ 3 ЕКСПРЕСИВНИЙ АСПЕКТ ПОЗНАЧЕННЯ УСМІШКИ В АНГЛІЙСЬКІЙ МОВІ 3.1 Мова жестів і рухів. 3.2 Усмішка як компонент невербальної поведінки. 3.3 Лексика паравербальних дій усмішки. ВИСНОВКИ
_0усмішка, паралінгвістика, жести
650 _aResearch Papers
999 _c284134
_d284134
942 _cBK